[Event "LSS WC-2010-T-00003"]
[Site "LSS email"]
[Date "2009.06.12"]
[Round "?"]
[White "Baklanov, Valentin Petrovich"]
[Black "Khudoliy, Kostyantyn"]
[Result "1/2-1/2"]
[WhiteElo "2363"]
[BlackElo "2366"]
[PlyCount "93"]
[EventDate "2009.06.17"]
[EventType "tourn (corr)"]
[EventRounds "12"]
[EventCountry "GER"]
[SourceTitle "Corr 2013"]
[Source "ChessBase"]
[SourceDate "2012.11.12"]
[SourceVersion "1"]
[SourceVersionDate "2012.11.12"]
[SourceQuality "1"]
[WhiteTeam "US of America"]
[BlackTeam "US of America"]
[WhiteTeamCountry "USA"]
[BlackTeamCountry "USA"]

1. e4 c5 2. Na3 Nc6 3. Bb5 g6 4. Nf3 Bg7 5. 0-0 a6 6. Bxc6 bxc6 7. d3 Nf6 8. e5 Nd5 9. Nc4 0-0 10. Re1 d6 11. h3 Rb8 12. b3 Qc7 13. Bb2 f6 14. exd6 exd6 15. Qd2 Bd7 16. d4 Rfe8 17. dxc5 dxc5 18. Rxe8+ Rxe8 19. Re1 Re6 20. Qa5 Rxe1+ 21. Nxe1 Qxa5 22. Nxa5 Kf7 23. f3 Bf8 24. Kf2 g5 25. c4 Nf4 26. Ke3 h5 27. h4 Bd6 28. Nb7 Be7 29. g3 Bc8 30. gxf4 Bxb7 31. fxg5 fxg5 32. hxg5 Bxg5+ 33. f4 Bd8 34. Ke4 h4 35. Nf3 h3 36. Be5 Bf6 37. Bc7 Bd4 38. Ng5+ Kg6 39. Ne6 Bc8 40. f5+ Kh5 41. Kf3 Bf6 42. Bf4 Kh4 43. Bd6 Bd7 44. Bc7 Be7 45. Bg3+ Kh5 46. Bb8 Kh4 47. Bg3+ 1/2-1/2

[Event "LSS WC-2010-T-00003"]
[Site "LSS email"]
[Date "2009.06.12"]
[Round "?"]
[White "Khudoliy, Kostyantyn"]
[Black "Daurelle, Herve"]
[Result "1/2-1/2"]
[WhiteElo "2404"]
[BlackElo "2368"]
[PlyCount "49"]
[EventDate "2009.06.17"]
[EventType "tourn (corr)"]
[EventRounds "12"]
[EventCountry "GER"]
[SourceTitle "Corr 2011"]
[Source "ChessBase"]
[SourceDate "2010.08.31"]
[SourceVersion "1"]
[SourceVersionDate "2010.08.31"]
[SourceQuality "1"]

1. d4 Nf6 2. c4 e6 3. Nc3 Bb4 4. Qc2 0-0 5. a3 Bxc3+ 6. Qxc3 b6 7. Bg5 Bb7 8. f3 h6 9. Bh4 d5 10. e3 Nbd7 11. cxd5 Nxd5 12. Bxd8 Nxc3 13. Bh4 Nd5 14. Bf2 c5 15. e4 Nf4 16. Be3 Ng6 17. Ne2 f5 18. exf5 exf5 19. Nf4 Nxf4 20. Bxf4 cxd4 21. Rd1 Nc5 22. Rxd4 Rfe8+ 23. Kf2 Ne6 24. Bc4 Ba6 25. Bxe6+ 1/2-1/2

[Event "LSS WC-2010-T-00003"]
[Site "LSS email"]
[Date "2009.06.12"]
[Round "?"]
[White "Khudoliy, Kostyantyn"]
[Black "Mueller, Klaus Detlef"]
[Result "1/2-1/2"]
[WhiteElo "2404"]
[BlackElo "2399"]
[PlyCount "99"]
[EventDate "2009.06.17"]
[EventType "tourn (corr)"]
[EventRounds "12"]
[EventCountry "GER"]
[SourceTitle "Corr 2011"]
[Source "ChessBase"]
[SourceDate "2010.08.31"]
[SourceVersion "1"]
[SourceVersionDate "2010.08.31"]
[SourceQuality "1"]

1. e4 e5 2. Nf3 Nc6 3. Bb5 a6 4. Ba4 Nf6 5. 0-0 b5 6. Bb3 Bb7 7. Re1 Be7 8. c3 0-0 9. d4 d6 10. Nbd2 Re8 11. Nf1 Bf8 12. Ng3 h6 13. h3 Na5 14. Bc2 Nc4 15. b3 Nb6 16. Rb1 Nbd7 17. Bd2 g6 18. Qc1 Kh7 19. Bd3 c5 20. d5 Bg7 21. a4 bxa4 22. bxa4 Rb8 23. Be3 Bxd5 24. exd5 e4 25. Rxb8 Qxb8 26. Nxe4 Nxe4 27. c4 f5 28. Qc2 Qd8 29. g4 Qf6 30. Kg2 Re7 31. Re2 Nc3 32. gxf5 Nxe2 33. fxg6+ Kg8 34. Qxe2 Nf8 35. Qc2 Rb7 36. Bf5 Rb4 37. Bd2 Rxa4 38. Bc3 Qxc3 39. Qxa4 Qf6 40. Be4 Nxg6 41. Qxa6 Ne5 42. Qc8+ Kf7 43. Nxe5+ Qxe5 44. Qd7+ Kf8 45. Qg4 h5 46. Qf3+ Ke7 47. Bf5 Kf6 48. Be6+ Kg5 49. Bf7 Kh6 50. Be6 1/2-1/2

[Event "IECG WC.2008.T.00002 email"]
[Site "IECG email"]
[Date "2007.02.02"]
[Round "?"]
[White "Khudoliy, Kostyantyn"]
[Black "Fiala, Jaroslav"]
[Result "1-0"]
[WhiteElo "2367"]
[BlackElo "2390"]
[PlyCount "93"]
[EventDate "2007.02.02"]
[EventType "tourn (corr)"]
[EventRounds "10"]
[SourceTitle "Corr 2011"]
[Source "ChessBase"]
[SourceDate "2010.08.31"]
[SourceVersion "1"]
[SourceVersionDate "2010.08.31"]
[SourceQuality "1"]

1. e4 c5 2. Nc3 e6 3. g3 Nc6 4. Bg2 Nf6 5. Nge2 h5 6. d4 h4 7. Bf4 Qb6 8. d5 Nd4 9. 0-0 hxg3 10. fxg3 e5 11. Bxe5 Ng4 12. Nxd4 Nxe5 13. Nf3 c4+ 14. Kh1 Ng4 15. Qd2 d6 16. Rae1 f6 17. a4 Bd7 18. Nb5 0-0-0 19. Qd4 Qxd4 20. Nbxd4 Re8 21. Kg1 Kb8 22. a5 Rh7 23. h3 Ne5 24. h4 a6 25. Nf5 c3 26. b3 Bb5 27. Nxe5 dxe5 28. Rf3 Bb4 29. Ne3 Bxa5 30. Bh3 Bb4 31. Bf5 Rhh8 32. h5 Re7 33. g4 a5 34. Kg2 Rc7 35. Be6 b6 36. Nf5 Ra7 37. Rb1 Be2 38. Rg3 Bc5 39. d6 Rd8 40. Kh3 Bb5 41. Rxc3 Re8 42. Bc4 Bd7 43. Rd1 Bxf5 44. exf5 Rd8 45. Be6 e4 46. Kg2 Rb7 47. Rd5 1-0

[Event "IECG WC.2008.T.00002 email"]
[Site "IECG email"]
[Date "2007.02.02"]
[Round "?"]
[White "Mauro, Lucio"]
[Black "Khudoliy, Kostyantyn"]
[Result "0-1"]
[WhiteElo "2263"]
[BlackElo "2367"]
[PlyCount "90"]
[EventDate "2007.02.02"]
[EventType "tourn (corr)"]
[EventRounds "10"]
[SourceTitle "Corr 2011"]
[Source "ChessBase"]
[SourceDate "2010.08.31"]
[SourceVersion "1"]
[SourceVersionDate "2010.08.31"]
[SourceQuality "1"]

1. e4 c5 2. Nf3 Nc6 3. d4 cxd4 4. Nxd4 g6 5. c4 Bg7 6. Be3 Nf6 7. Nc3 0-0 8. Be2 d6 9. 0-0 Bd7 10. Nc2 Rc8 11. f3 Ne5 12. Na3 Qa5 13. Qd2 Rfd8 14. Rad1 a6 15. h3 Nc6 16. f4 Nh5 17. Rfe1 Nf6 18. Nc2 b5 19. a3 e5 20. cxb5 axb5 21. Bxb5 exf4 22. Bxf4 Nh5 23. b4 Qa7+ 24. Be3 Qb7 25. Bf1 Bxh3 26. gxh3 Bxc3 27. Qxc3 Ne5 28. Bc5 Qe7 29. Ba6 Rc6 30. Bb5 Rcc8 31. Rd5 Qg5+ 32. Kh1 Nf4 33. Ne3 dxc5 34. Rxe5 Qg3 35. Rxc5 Qxh3+ 36. Kg1 Rxc5 37. bxc5 Qg3+ 38. Kh1 Qf2 39. Bf1 Nh5 40. Ng2 Ng3+ 41. Kh2 Nxf1+ 42. Rxf1 Qxf1 43. c6 Rd3 44. Qc2 Qf3 45. c7 Qh5+ 0-1

[Event "IECG CP.2006.P.00029 email"]
[Site "IECG email"]
[Date "2006.10.01"]
[Round "?"]
[White "Rossetti, Mario"]
[Black "Khudoliy, Kostyantyn"]
[Result "0-1"]
[WhiteElo "1490"]
[BlackElo "2262"]
[PlyCount "56"]
[EventDate "2006.10.01"]
[EventType "tourn (corr)"]
[EventRounds "6"]
[SourceTitle "Corr 2011"]
[Source "ChessBase"]
[SourceDate "2010.08.31"]
[SourceVersion "1"]
[SourceVersionDate "2010.08.31"]
[SourceQuality "1"]

1. e4 c5 2. Nf3 Nc6 3. d4 cxd4 4. Nxd4 g6 5. c4 Bg7 6. Be3 Nf6 7. Nc3 0-0 8. Be2 d6 9. 0-0 Bd7 10. Qd2 Ng4 11. Bxg4 Bxg4 12. Nxc6 bxc6 13. Bh6 Bxh6 14. Qxh6 e5 15. b3 Qc7 16. Rac1 Be6 17. Rfd1 Rad8 18. Rc2 f5 19. Rcd2 f4 20. Rd3 Qe7 21. f3 Rd7 22. h3 Rfd8 23. Kf1 g5 24. R3d2 Kh8 25. Kg1 Rg8 26. Kf1 Rg6 27. Qh5 Bf7 28. h4 g4 0-1